| 000 | 00996nam a22002177a 4500 | ||
|---|---|---|---|
| 999 |
_c590 _d590 |
||
| 003 | AR-CdUCM | ||
| 008 | 190225b ||||| |||| 00| 0 spa d | ||
| 040 |
_aMUNICIPALIDAD PROVINCIAL DEL CUSCO _cBIBLIOTECA MUNICIPAL DEL CUSCO |
||
| 082 |
_a370.985 / _bS17 |
||
| 100 |
_aSalas Rodríguez, J. Wilbert _92141 |
||
| 245 | _aTendencias educativas contemporáneas / | ||
| 260 |
_aCusco : _bUniversidad Nacional de San Antonio Abad del Cusco, _c1971. |
||
| 300 |
_a268 páginas ; _c20.5 cm. |
||
| 505 | _aContenido: La nueva educación -- educación antigua y educación nueva -- Corrientes determinantes de la nueva educación -- Fundamentos ideológicos de la nueva educación -- La liga internacional de la pedagogía contemporánea -- Origen de las diversas tendencias ... | ||
| 650 |
_aPedagogía experiemental _92304 |
||
| 650 |
_aPedagogía antropológica _92305 |
||
| 650 |
_aPedagogía psicologica _92306 |
||
| 650 |
_aEducación _9460 |
||
| 942 |
_2ddc _cLIBROS |
||
| 945 |
_araen _d2019-02-25 |
||